000 00639cab a2200205 4500
001 WB2931-03
008 090401t1993 xxu||||| |||| 00| 0 eng d
035 _a(Sirsi) u5488
041 _aeng
245 _aBuilding dilemma for forecasters
260 _c1993
350 _a0
490 _aFinancial Times
_v19 August 1993, 18(2)
520 _aConsiders the dilemma facing analysts trying to interpret conflicting economic reports on the construction industry. Includes graphs.
650 _aCONSTRUCTION MARKET
650 _aECONOMIC FORECASTS
690 _aBUILDING AND CONSTRUCTION-ECONOMICS
942 _n0
948 _c04/03/1997
999 _c3269
_d3269